5HLuxD.jpg

KING HENRY VIII SENIOR AND PRIMARY SCHOOL LIBRARY OPAC

Mira 2 : (Record no. 3118)

000 -LEADER
fixed length control field 01046nam a22001937a 4500
003 - CONTROL NUMBER IDENTIFIER
control field OSt
005 - DATE AND TIME OF LATEST TRANSACTION
control field 20231018112949.0
008 - FIXED-LENGTH DATA ELEMENTS--GENERAL INFORMATION
fixed length control field 231018b ||||| |||| 00| 0 eng d
020 ## - INTERNATIONAL STANDARD BOOK NUMBER
International Standard Book Number 9780435088668
040 ## - CATALOGING SOURCE
Transcribing agency KH8
082 ## - DEWEY DECIMAL CLASSIFICATION NUMBER
Classification number 400 RAY
100 ## - MAIN ENTRY--PERSONAL NAME
Personal name Raynor, Tracy,
Relator term author.
245 ## - TITLE STATEMENT
Title Mira 2 :
Remainder of title Teacher's Guide /
Statement of responsibility, etc. Tracy Raynor.
260 ## - PUBLICATION, DISTRIBUTION, ETC.
Name of publisher, distributor, etc. Heinemann,
Date of publication, distribution, etc. 2010.
300 ## - PHYSICAL DESCRIPTION
Dimensions 8.66 x 0.39 x 11.61 inches
Accompanying material + CD-ROM
440 ## - SERIES STATEMENT/ADDED ENTRY--TITLE
Title Mira 2
520 ## - SUMMARY, ETC.
Summary, etc. It provides complete support including: clear concise teaching notes including lessons starters, thinking skills and plenaries for every unit information on teaching Personal Learning and Thinking Skills overview grids for each chapter highlighting grammar content and skill objectives answers to all of the listening activities audio scripts for all of the listening activities, including CD track numbers guidance on using the course with the full ability range suggestions for using ICT in the classroom. The accompanying CD-ROM contains a customisable Scheme of Work.
942 ## - ADDED ENTRY ELEMENTS (KOHA)
Source of classification or shelving scheme
Koha item type Teaching Resources
Holdings
Withdrawn status Lost status Source of classification or shelving scheme Damaged status Not for loan Collection code Permanent Location Current Location Shelving location Date acquired Full call number Barcode Date last seen Price effective from Koha item type
          Teaching Resources KH8 Senior School Library KH8 Senior School Library Staff Office 2023-10-18 400 RAY TRKHSL003958 2023-10-18 2023-10-18 Teaching Resources
          Teaching Resources KH8 Senior School Library KH8 Senior School Library Staff Office 2023-10-18 400 RAY TRKHSL003959 2023-10-18 2023-10-18 Teaching Resources

Powered By KH8 IT Dept